| 000 | 01206cam a2200265 4500 | ||
|---|---|---|---|
| 001 | ABS68436 | ||
| 008 | 041109n2004 000 0 eng u | ||
| 035 | _a(Sirsi) u127927 | ||
| 245 | 4 | _aThe government's record on housing: evidence from the ROOF inspection | |
| 260 | _c2004 | ||
| 490 |
_aRoof _v29(5)November/December 2004, 21-29(9) |
||
| 520 | _aProvides an executive summary of "Roof's" inspection of the government record on housing, its assessment of the prospects for a third term and its offer of guidance to aid improvement. The inspection covers six key areas: welfare, homelessness, social housing, the housing market, neighbourhoods and devolution. It has taken an evidence-based approach, analysing government strengths and weaknesses through scrutinising policy pledges and statistics and recommends important drivers for improvement. Includes tables of data illustrating each key area. | ||
| 590 | _aABS | ||
| 590 | _aABS | ||
| 650 | _aHOMELESSNESS | ||
| 650 | _aNORTHERN IRELAND | ||
| 650 | _aWALES | ||
| 650 | _aDEVOLUTION | ||
| 650 | _aSCOTLAND | ||
| 650 | _aSOCIAL HOUSING | ||
| 650 | _aRESIDENTIAL MARKET | ||
| 650 | _aWELFARE | ||
| 690 | _aHOUSING | ||
| 942 | _n0 | ||
| 999 |
_c118283 _d118283 |
||